000 00339 a2200109 4500
001 ART_51311
005 20260410161822.0
008 260409a
245 1 0 _aLas infracciones materiales de la ley 11683
100 1 _aBello, Alberto M.
773 0 _tDoctrina Penal Tributaria y Económica
_g- N° 55 (mar. 2020)
_wREV4317
999 _c22452
_d22452